How to be an army officer /

Bibliographic Details
Main Author: Baumer, William H. (William Henry), 1909-1989
Format: Book
Language:English
Published: New York : R. M. McBride, [1940]
Subjects:

MARC

Tag First Indicator Second Indicator Subfields
LEADER 00000cam a2200000 4500
001 in00000069236
005 20151008051413.0
008 750305s1940 nyu b 00000 eng u
010 |a  40027779  
035 |a (OCoLC)01200956 
035 |9 AAG7667AM 
040 |c SMI  |d TXA  |d UtOrBLW 
049 |a TXAM  |c [134853] 
050 0 0 |a UB413  |b .B3 
082 0 |a 355.0973 
092 |a 355.0973  |b B347h 
100 1 |a Baumer, William H.  |q (William Henry),  |d 1909-1989. 
245 1 0 |a How to be an army officer /  |c by William H. Baumer, jr.; with an introd. by Brigadier General Jay L. Benedict. 
264 1 |a New York :  |b R. M. McBride,  |c [1940] 
300 |a 237 pages :  |b illustrations ;  |c 21 cm. 
336 |a text  |b txt  |2 rdacontent 
337 |a unmediated  |b n  |2 rdamedia 
338 |a volume  |b nc  |2 rdacarrier 
504 |a Bibliography: page 238. 
610 1 0 |a United States.  |b Army  |x Officers. 
999 |a MARS 
999 f f |s badf9a13-5d99-3377-90c5-4782dfb8cd36  |i 8511ac9c-047f-3943-9e5c-cdddc4111b0f  |t 0 
952 f f |p normal  |a Texas A&M University  |b College Station  |c Sterling C. Evans Library  |d Evans: Library Stacks  |t 0  |e UB413 .B3  |h Library of Congress classification  |i unmediated -- volume  |m A14800803455 
998 f f |a UB413 .B3  |t 0  |l Evans: Library Stacks